| 000 | 007440000a22003010004500 | ||
|---|---|---|---|
| 500 | _aBibliography at the end of each chapter | ||
| 650 | _aHydrology | ||
| 650 | _aGeology | ||
| 650 | _aWater resources | ||
| 650 | _aFloods | ||
| 650 | _aWatershed management | ||
| 650 | _aEnergy conservation | ||
| 650 | _aFloodlain | ||
| 650 | _aGround water | ||
| 082 |
_a551.48 _bB39h |
||
| 518 | _a20051221 | ||
| 530 | _aM | ||
| 100 | _aBedient, Philip B. | ||
| 100 | _aHuber, Wayne C. | ||
| 245 | _aHydrology and floodlain analysis | ||
| 250 | _a2nd ed. | ||
| 020 | _a0-201-51711-6 | ||
| 260 |
_aMassachusetts _bAddison-Wesley Publishing, USA |
||
| 260 | _c1992 | ||
| 300 |
_axxi, 692p. _billus. |
||
| 041 | _aEng | ||
| 942 | _cGEN | ||
| 999 |
_c35342 _d35342 |
||